Statistics for Ottawa Senators

Click here to take the quiz!

General Stats

  • This quiz has been taken 79 times
    (49 since last reset)
  • The average score is 6 of 15

Answer Stats

HintAnswer% Correct
Who is the current captain ?Brady Tkachuk
93%
What year did the Sens advance to the Cup Final ?2007
78%
What year did the Senators start play in ?1992
62%
What year did the team win the President's Trophy ?2003
56%
Who is the current coach ?DJ Smith
42%
Who is the only Senator player to win the Norris Trophy ?Erik Karlsson
42%
Who did the Senators play in the first round in 2017 ?Boston Bruins
40%
What is the name of the former city were this arena was ?Kanata
38%
How many points did the Senators finish with last season ?86
33%
Who is the current GM ?Pierre Dorion
33%
What year did the original Senators relocate ?1934
29%
What is the name of the Senators' arena ?Canadian Tire Centre
27%
Who was the original Senators coach ?Rick Bowness
9%
What city did the original Senators relocate to ?St. Louis
7%
Who was the original GMMel Bridgman
0%

Score Distribution

Percentile by Number Answered

Percent of People with Each Score

Your Score History

You have not taken this quiz since the last reset